| 000 | 00558cam a2200193 a 4500 | ||
|---|---|---|---|
| 001 | 000018278 | ||
| 005 | 20200929165432.0 | ||
| 008 | 960522s1988 cu 000 p spa d | ||
| 040 |
_aDO-SdBNP _bspa _cBNPHU |
||
| 082 |
_aCu861.44 _bC834c |
||
| 100 | 1 |
_aCos Causse, Jesus, _d1945- _922734 |
|
| 245 | 1 | 0 |
_aComo una serenata / _cCos Causse. |
| 260 |
_aLa Habana : _bLetras Cubanas, _c1988. |
||
| 300 |
_a149 p. ; _c18 cm. |
||
| 490 | 1 | _aGiraldilla | |
| 650 | 4 |
_aPoesÃa cubana _95226 |
|
| 650 | 4 |
_aLiteratura cubana _ySIGLO XX _99186 |
|
| 830 | 0 |
_aGiraldilla _98904 |
|
| 999 |
_c17799 _d17799 |
||